01095 2200349 4500001002100000005001500021035002000036007000300056008004100059020002200100040002200122082001500144084001700159090002100176090002100197100003100218245011800249250004200367300005000409650002200459700002900481700002900510850001200539041000800551504003600559264003500595264002000630336002100650337003000671338002300701990002100724INLIS00000000084742620190529091254 a0010-0519000761ta190517t2019 yoia g ind d a978-602-5759-86-4 aYOPDYOGbinderda04223a004.65 a004.65 JAN t aDEP 004.65 JAN t aCB-D.11 2019-3821 aSimarmata, Jannerepenulis10aTeknologi jaringan wireless :bkoneksi tanpa kabel /cpenulis, Janner Simarmata, Dahlan Abdullah, Wahyuddin Albra aEdisi Pertama; Cetakan Pertama - 2019 axxv, 199 halaman :bilustrasi, tabel ;c24 cm 4aJaringan komputer0 aDahlan Abdullahepenulis0 aWahyuddin Albraepenulis aYOPDYOG0 aind aBibliografi : halaman [181]-18431aYogyakarta :bTeknosain,c2019 4a© 2019 penulis 2rdacontentateks 2rdamediaatanpa perantara 2rdacarrieravolume aCB-D.11/2019-382